| 000 | 00569nam a2200181 a 4500 | ||
|---|---|---|---|
| 001 | 000037081 | ||
| 005 | 20200930080128.0 | ||
| 008 | 120210s2004 sp 000 0 spa d | ||
| 020 | _a9580477671 | ||
| 040 |
_aDO-SdBNP _bspa _cBNPHU |
||
| 100 | 1 |
_aDruker, Peter Ferdinand _942921 |
|
| 245 | 1 | 3 | _aLa sociedad post capitalista /Peter Ferdinand Druker ; Traducción Jorge Cárdenas Nannetti. |
| 260 |
_aBarcelona : _bNorma , _c2004. |
||
| 300 |
_a298 p. : ; _c18 cm. |
||
| 490 | 1 | _aGerencia | |
| 700 | 1 |
_aCárdenas Nannetti, Jorge _etr. _942922 |
|
| 830 | 0 |
_aGerencia _963496 |
|
| 999 |
_c36571 _d36571 |
||